000
00299nam a2200121Ia 4500
008
210430s9999 xx 000 0 und d
082
_a
371B5541 R
100
_a
John W.Best
245
_a
Research in Education
_c
John W.Best
260
_a
Islamabad
_b
Mayo
_c
2006
300
_a
498p
942
_c
BK
_2
ddc
999
_c
561402
_d
561402